| 000 | 00617nam a22002057a 4500 | ||
|---|---|---|---|
| 005 | 20150812130129.0 | ||
| 010 | _aENG-113577 | ||
| 020 |
_c80.00 _a9788125052036 |
||
| 035 | _aEN-97109 | ||
| 037 | _bDBAD/PUB | ||
| 082 | _a880 | ||
| 245 |
_aGems of English prose and poetry / _cedited by Ashok Chaskar, Vijay Madge [and] Anand Kulkarni |
||
| 260 |
_aNew Delhi _bOrient Blackswan _c2013 |
||
| 270 |
_a1/24 Asaf Ali Road _bNew Delhi _e110002 |
||
| 300 |
_aviii,138p. _c21cm(pbk) |
||
| 700 | _aChaskar, Ashok | ||
| 700 | _aMadge, Vijay | ||
| 700 | _aKulkarni, Anand | ||
| 942 |
_2ddc _cEN _mGEM _h880 |
||
| 999 |
_c95140 _d95140 |
||